[Event "FIDE World Cup 2025"]
[Site "Goa, India"]
[Date "2025.11.02"]
[Round "2.27"]
[White "Yuffa, Daniil"]
[Black "Thavandiran, Shiyam"]
[Result "1/2-1/2"]
[TimeControl ": 90 minutes for the first 40 moves, followed by 30 minutes for the rest of the gamewith an increment of 30 seconds per move starting from move 1"]
[WhiteFideId "24131423"]
[BlackFideId "2605058"]
[WhiteElo "2621"]
[BlackElo "2402"]

1. d4 {[%clk 01:30:55]} {[%emt 00:00:04]} e6 {[%clk 01:30:49]} {[%emt
00:00:12]} 2. c4 {[%clk 01:31:13]} {[%emt 00:00:12]} Nf6 {[%clk 01:30:58]}
{[%emt 00:00:21]} 3. g3 {[%clk 01:31:36]} {[%emt 00:00:08]} d5 {[%clk
01:30:19]} {[%emt 00:01:07]} 4. Bg2 {[%clk 01:32:00]} {[%emt 00:00:06]} h6
{[%clk 01:30:02]} {[%emt 00:00:48]} 5. Nf3 {[%clk 01:31:22]} {[%emt 00:01:08]}
Bd6 {[%clk 01:29:26]} {[%emt 00:01:06]} 6. O-O {[%clk 01:31:17]} {[%emt
00:00:34]} O-O {[%clk 01:29:48]} {[%emt 00:00:08]} 7. Nbd2 {[%clk 01:28:19]}
{[%emt 00:03:29]} b6 {[%clk 01:14:29]} {[%emt 00:15:49]} 8. cxd5 {[%clk
01:24:01]} {[%emt 00:04:48]} exd5 {[%clk 01:14:40]} {[%emt 00:00:19]} 9. Ne5
{[%clk 01:23:14]} {[%emt 00:01:17]} Bb7 {[%clk 01:03:00]} {[%emt 00:12:10]} 10.
Ndc4 {[%clk 01:20:46]} {[%emt 00:02:59]} Be7 {[%clk 01:02:17]} {[%emt
00:01:12]} 11. Ne3 {[%clk 01:19:14]} {[%emt 00:02:02]} Re8 {[%clk 00:45:37]}
{[%emt 00:17:10]} 12. Nf5 {[%clk 01:18:23]} {[%emt 00:01:22]} Bf8 {[%clk
00:46:00]} {[%emt 00:00:06]} 13. Bf4 {[%clk 01:10:59]} {[%emt 00:07:54]} c5
{[%clk 00:43:50]} {[%emt 00:02:40]} 14. dxc5 {[%clk 00:50:33]} {[%emt
00:20:57]} bxc5 {[%clk 00:39:05]} {[%emt 00:05:16]} 15. Qb3 {[%clk 00:44:54]}
{[%emt 00:06:08]} Qb6 {[%clk 00:29:52]} {[%emt 00:09:43]} 16. Nc4 {[%clk
00:41:38]} {[%emt 00:03:47]} Qxb3 {[%clk 00:29:49]} {[%emt 00:00:33]} 17. axb3
{[%clk 00:42:04]} {[%emt 00:00:04]} Re6 {[%clk 00:27:12]} {[%emt 00:03:06]} 18.
Nfe3 {[%clk 00:29:12]} {[%emt 00:13:22]} g5 {[%clk 00:22:20]} {[%emt 00:05:21]}
19. Be5 {[%clk 00:28:34]} {[%emt 00:01:09]} Nbd7 {[%clk 00:20:18]} {[%emt
00:02:33]} 20. Bxf6 {[%clk 00:26:43]} {[%emt 00:02:20]} Nxf6 {[%clk 00:18:19]}
{[%emt 00:02:29]} 21. Rfd1 {[%clk 00:25:21]} {[%emt 00:01:52]} dxc4 {[%clk
00:17:33]} {[%emt 00:01:16]} 22. Bxb7 {[%clk 00:24:04]} {[%emt 00:01:46]} Rb8
{[%clk 00:17:55]} {[%emt 00:00:09]} 23. Ba6 {[%clk 00:23:13]} {[%emt 00:01:21]}
cxb3 {[%clk 00:17:59]} {[%emt 00:00:27]} 24. Bc4 {[%clk 00:23:26]} {[%emt
00:00:16]} Re7 {[%clk 00:16:27]} {[%emt 00:02:02]} 25. Rd3 {[%clk 00:17:26]}
{[%emt 00:06:30]} Rb4 {[%clk 00:13:19]} {[%emt 00:03:38]} 26. Rxb3 {[%clk
00:16:15]} {[%emt 00:01:41]} Ne4 {[%clk 00:09:17]} {[%emt 00:04:32]} 27. Rd1
{[%clk 00:12:24]} {[%emt 00:04:22]} Reb7 {[%clk 00:04:57]} {[%emt 00:04:49]} 28.
Rxb4 {[%clk 00:09:27]} {[%emt 00:03:27]} Rxb4 {[%clk 00:05:00]} {[%emt
00:00:28]} 29. b3 {[%clk 00:06:06]} {[%emt 00:03:50]} Nd6 {[%clk 00:04:49]}
{[%emt 00:00:40]} 30. Bd5 {[%clk 00:05:15]} {[%emt 00:01:22]} Bg7 {[%clk
00:02:17]} {[%emt 00:03:02]} 31. Rc1 {[%clk 00:03:36]} {[%emt 00:02:09]} Rb5
{[%clk 00:02:25]} {[%emt 00:00:21]} 32. Rc2 {[%clk 00:03:35]} {[%emt 00:00:33]}
Ra5 {[%clk 00:02:36]} {[%emt 00:00:18]} 33. Kg2 {[%clk 00:03:19]} {[%emt
00:00:45]} Kf8 {[%clk 00:02:47]} {[%emt 00:00:19]} 34. Nc4 {[%clk 00:02:56]}
{[%emt 00:00:54]} Nxc4 {[%clk 00:02:14]} {[%emt 00:01:03]} 35. Rxc4 {[%clk
00:02:48]} {[%emt 00:00:38]} Be5 {[%clk 00:01:51]} {[%emt 00:00:52]} 36. e3
{[%clk 00:02:18]} {[%emt 00:01:02]} Bd6 {[%clk 00:01:46]} {[%emt 00:00:34]} 37.
Kf3 {[%clk 00:02:07]} {[%emt 00:00:41]} Ra2 {[%clk 00:00:59]} {[%emt 00:01:18]}
38. Rc1 {[%clk 00:01:57]} {[%emt 00:00:39]} Rd2 {[%clk 00:01:07]} {[%emt
00:00:22]} 39. Bc4 {[%clk 00:02:01]} {[%emt 00:00:26]} a5 {[%clk 00:01:10]}
{[%emt 00:00:26]} 40. h4 {[%clk 00:01:34]} {[%emt 00:00:57]} Kg7 {[%clk
00:00:48]} {[%emt 00:00:53]} 41. Rf1 {[%clk 00:24:18]} {[%emt 00:07:47]} Kg6
{[%clk 00:22:01]} {[%emt 00:09:16]} 42. h5+ {[%clk 00:23:21]} {[%emt 00:01:27]}
Kf6 {[%clk 00:20:30]} {[%emt 00:02:01]} 43. Kg4 {[%clk 00:22:09]} {[%emt
00:01:42]} Bc7 {[%clk 00:17:26]} {[%emt 00:03:33]} 44. f4 {[%clk 00:21:08]}
{[%emt 00:01:31]} gxf4 {[%clk 00:17:49]} {[%emt 00:00:07]} 45. gxf4 {[%clk
00:21:29]} {[%emt 00:00:10]} Ke7 {[%clk 00:17:23]} {[%emt 00:00:56]} 46. e4
{[%clk 00:18:42]} {[%emt 00:03:17]} Rg2+ {[%clk 00:09:41]} {[%emt 00:08:12]} 47.
Kf3 {[%clk 00:14:11]} {[%emt 00:05:01]} Rc2 {[%clk 00:07:20]} {[%emt 00:02:51]}
48. Bd5 {[%clk 00:14:31]} {[%emt 00:00:10]} Rd2 {[%clk 00:05:18]} {[%emt
00:02:31]} 49. Rc1 {[%clk 00:12:42]} {[%emt 00:02:20]} Bb6 {[%clk 00:03:16]}
{[%emt 00:02:32]} 50. Bc4 {[%clk 00:13:03]} {[%emt 00:00:09]} Bc7 {[%clk
00:03:06]} {[%emt 00:00:40]} 51. Rg1 {[%clk 00:12:01]} {[%emt 00:01:32]} Kf8
{[%clk 00:03:34]} {[%emt 00:00:02]} 52. e5 {[%clk 00:11:40]} {[%emt 00:00:51]}
Rd4 {[%clk 00:03:53]} {[%emt 00:00:10]} 53. Ke3 {[%clk 00:10:46]} {[%emt
00:01:25]} a4 {[%clk 00:04:07]} {[%emt 00:00:16]} 54. Ra1 {[%clk 00:07:01]}
{[%emt 00:04:15]} axb3 {[%clk 00:04:05]} {[%emt 00:00:32]} 55. Bxb3 {[%clk
00:07:26]} {[%emt 00:00:05]} Rb4 {[%clk 00:02:20]} {[%emt 00:02:15]} 56. Bxf7
{[%clk 00:06:32]} {[%emt 00:01:24]} Bxe5 {[%clk 00:02:33]} {[%emt 00:00:17]} 57.
fxe5 {[%clk 00:07:00]} {[%emt 00:00:03]} Kxf7 {[%clk 00:02:58]} {[%emt
00:00:05]} 58. Ra6 {[%clk 00:07:25]} {[%emt 00:00:04]} Rh4 {[%clk 00:02:43]}
{[%emt 00:00:44]} 59. Rxh6 {[%clk 00:06:41]} {[%emt 00:01:14]} c4 {[%clk
00:01:50]} {[%emt 00:01:24]} 60. Rf6+ {[%clk 00:06:13]} {[%emt 00:00:59]} Kg7
{[%clk 00:00:53]} {[%emt 00:01:26]} 61. Rg6+ {[%clk 00:04:34]} {[%emt
00:02:09]} Kf7 {[%clk 00:01:03]} {[%emt 00:00:20]} 62. Rf6+ {[%clk 00:03:13]}
{[%emt 00:01:51]} Kg7 {[%clk 00:01:10]} {[%emt 00:00:21]} 63. Rf5 {[%clk
00:02:30]} {[%emt 00:01:15]} c3 {[%clk 00:01:16]} {[%emt 00:00:24]} 64. Kd3
{[%clk 00:02:31]} {[%emt 00:00:29]} Rh3+ {[%clk 00:01:40]} {[%emt 00:00:06]} 65.
Kc2 {[%clk 00:01:58]} {[%emt 00:01:03]} Re3 {[%clk 00:01:36]} {[%emt 00:00:33]}
66. Kb3 {[%clk 00:02:18]} {[%emt 00:00:11]} Kh6 {[%clk 00:01:54]} {[%emt
00:00:12]} 67. Kc2 {[%clk 00:02:22]} {[%emt 00:00:27]} Kg7 {[%clk 00:02:21]}
{[%emt 00:00:01]} 68. Kb3 {[%clk 00:02:01]} {[%emt 00:00:52]} Kh6 {[%clk
00:02:41]} {[%emt 00:00:10]} 69. Kc2 {[%clk 00:02:20]} {[%emt 00:00:11]}
1/2-1/2

[Event "FIDE World Cup 2025"]
[Site "Goa, India"]
[Date "2025.11.02"]
[Round "2.28"]
[White "Wang, Shixu B"]
[Black "Mendonca, Leon Luke"]
[Result "1-0"]
[TimeControl ": 90 minutes for the first 40 moves, followed by 30 minutes for the rest of the gamewith an increment of 30 seconds per move starting from move 1"]
[WhiteFideId "8610665"]
[BlackFideId "35028561"]
[WhiteElo "2402"]
[BlackElo "2620"]

1. d4 {[%clk 01:30:34]} {[%emt 00:00:25]} Nf6 {[%clk 01:30:54]} {[%emt
00:00:07]} 2. c4 {[%clk 01:30:52]} {[%emt 00:00:12]} e6 {[%clk 01:31:17]}
{[%emt 00:00:06]} 3. Nf3 {[%clk 01:30:53]} {[%emt 00:00:29]} b6 {[%clk
01:31:10]} {[%emt 00:00:39]} 4. a3 {[%clk 01:30:57]} {[%emt 00:00:25]} Bb7
{[%clk 01:31:15]} {[%emt 00:00:24]} 5. Nc3 {[%clk 01:31:01]} {[%emt 00:00:26]}
d5 {[%clk 01:30:19]} {[%emt 00:01:27]} 6. cxd5 {[%clk 01:30:58]} {[%emt
00:00:33]} Nxd5 {[%clk 01:30:43]} {[%emt 00:00:06]} 7. e3 {[%clk 01:31:19]}
{[%emt 00:00:09]} Nxc3 {[%clk 01:30:46]} {[%emt 00:00:26]} 8. bxc3 {[%clk
01:31:41]} {[%emt 00:00:08]} Be7 {[%clk 01:31:03]} {[%emt 00:00:13]} 9. Bb5+
{[%clk 01:31:31]} {[%emt 00:00:40]} c6 {[%clk 01:31:24]} {[%emt 00:00:10]} 10.
Bd3 {[%clk 01:31:56]} {[%emt 00:00:05]} O-O {[%clk 01:22:34]} {[%emt 00:09:20]}
11. O-O {[%clk 01:30:59]} {[%emt 00:01:27]} c5 {[%clk 01:22:42]} {[%emt
00:00:22]} 12. e4 {[%clk 01:30:24]} {[%emt 00:01:04]} Qc7 {[%clk 01:22:49]}
{[%emt 00:00:23]} 13. h4 {[%clk 01:01:32]} {[%emt 00:29:22]} Rd8 {[%clk
01:19:36]} {[%emt 00:03:43]} 14. Qe2 {[%clk 00:52:05]} {[%emt 00:09:57]} h6
{[%clk 01:15:53]} {[%emt 00:04:13]} 15. Bb2 {[%clk 00:49:30]} {[%emt 00:03:05]}
Nd7 {[%clk 01:14:37]} {[%emt 00:01:46]} 16. Rad1 {[%clk 00:47:47]} {[%emt
00:02:13]} Rac8 {[%clk 01:13:31]} {[%emt 00:01:36]} 17. Rfe1 {[%clk 00:47:33]}
{[%emt 00:00:44]} Nf8 {[%clk 01:04:05]} {[%emt 00:09:57]} 18. h5 {[%clk
00:46:18]} {[%emt 00:01:44]} Bf6 {[%clk 01:01:07]} {[%emt 00:03:28]} 19. Bb1
{[%clk 00:39:12]} {[%emt 00:07:35]} Rd7 {[%clk 00:53:08]} {[%emt 00:08:30]} 20.
e5 {[%clk 00:22:14]} {[%emt 00:17:28]} Be7 {[%clk 00:53:01]} {[%emt 00:00:37]}
21. Nd2 {[%clk 00:22:38]} {[%emt 00:00:05]} f5 {[%clk 00:45:23]} {[%emt
00:08:09]} 22. exf6 {[%clk 00:22:13]} {[%emt 00:00:55]} Bxf6 {[%clk 00:45:49]}
{[%emt 00:00:04]} 23. Ne4 {[%clk 00:19:49]} {[%emt 00:02:54]} Bxe4 {[%clk
00:43:19]} {[%emt 00:03:00]} 24. Qxe4 {[%clk 00:20:07]} {[%emt 00:00:11]} Rcd8
{[%clk 00:40:34]} {[%emt 00:03:16]} 25. Ba2 {[%clk 00:19:39]} {[%emt 00:00:58]}
cxd4 {[%clk 00:37:19]} {[%emt 00:03:45]} 26. cxd4 {[%clk 00:20:03]} {[%emt
00:00:06]} Rd6 {[%clk 00:35:24]} {[%emt 00:02:25]} 27. Rd3 {[%clk 00:18:07]}
{[%emt 00:02:26]} Qd7 {[%clk 00:30:39]} {[%emt 00:05:16]} 28. Red1 {[%clk
00:18:28]} {[%emt 00:00:08]} Qb5 {[%clk 00:27:54]} {[%emt 00:03:15]} 29. Bc3
{[%clk 00:18:24]} {[%emt 00:00:34]} a5 {[%clk 00:09:50]} {[%emt 00:18:35]} 30.
d5 {[%clk 00:18:14]} {[%emt 00:00:40]} e5 {[%clk 00:09:58]} {[%emt 00:00:22]}
31. a4 {[%clk 00:13:38]} {[%emt 00:05:06]} Qe8 {[%clk 00:08:35]} {[%emt
00:01:53]} 32. Bb2 {[%clk 00:13:44]} {[%emt 00:00:24]} Qxh5 {[%clk 00:07:54]}
{[%emt 00:01:10]} 33. Ba3 {[%clk 00:14:07]} {[%emt 00:00:08]} Be7 {[%clk
00:07:51]} {[%emt 00:00:34]} 34. Rc1 {[%clk 00:10:55]} {[%emt 00:03:42]} Nd7
{[%clk 00:07:16]} {[%emt 00:01:05]} 35. Rh3 {[%clk 00:10:50]} {[%emt 00:00:34]}
Qg5 {[%clk 00:06:27]} {[%emt 00:01:19]} 36. Rc7 {[%clk 00:06:37]} {[%emt
00:04:43]} Qd2 {[%clk 00:05:37]} {[%emt 00:01:20]} 37. Bb3 {[%clk 00:05:33]}
{[%emt 00:01:34]} Bf8 {[%clk 00:02:52]} {[%emt 00:03:16]} 38. Rf3 {[%clk
00:04:23]} {[%emt 00:01:40]} Nf6 {[%clk 00:00:41]} {[%emt 00:02:41]} 39. Qxe5
{[%clk 00:03:03]} {[%emt 00:01:50]} Re8 {[%clk 00:00:34]} {[%emt 00:00:38]} 40.
Qf4 {[%clk 00:00:39]} {[%emt 00:02:53]} Qe1+ {[%clk 00:00:35]} {[%emt
00:00:29]} 41. Kh2 {[%clk 00:01:04]} {[%emt 00:00:05]} Re4 {[%clk 00:14:32]}
{[%emt 00:16:32]} 42. Rc1 {[%clk 00:12:21]} {[%emt 00:19:13]} Qe2 {[%clk
00:08:55]} {[%emt 00:06:07]} 43. Bxd6 {[%clk 00:10:42]} {[%emt 00:02:09]} Rxf4
{[%clk 00:04:50]} {[%emt 00:04:36]} 44. Bxf4 {[%clk 00:11:09]} {[%emt
00:00:03]} Bc5 {[%clk 00:04:46]} {[%emt 00:00:34]} 45. d6+ {[%clk 00:10:33]}
{[%emt 00:01:05]} Kh7 {[%clk 00:04:14]} {[%emt 00:01:02]} 46. Rd1 {[%clk
00:10:02]} {[%emt 00:01:01]} Ng4+ {[%clk 00:01:08]} {[%emt 00:03:36]} 47. Kg3
{[%clk 00:10:08]} {[%emt 00:00:24]} Nxf2 {[%clk 00:00:34]} {[%emt 00:01:04]} 48.
d7 {[%clk 00:09:58]} {[%emt 00:00:40]} Ne4+ {[%clk 00:00:35]} {[%emt 00:00:30]}
49. Kh2 {[%clk 00:09:58]} {[%emt 00:00:29]} Be7 {[%clk 00:00:39]} {[%emt
00:00:26]} 50. Re3 {[%clk 00:06:35]} {[%emt 00:03:53]} Qh5+ {[%clk 00:00:36]}
{[%emt 00:00:33]} 51. Kg1 {[%clk 00:06:50]} {[%emt 00:00:15]} Qf5 {[%clk
00:00:39]} {[%emt 00:00:28]} 52. d8=Q {[%clk 00:04:10]} {[%emt 00:03:09]} Bxd8
{[%clk 00:00:54]} {[%emt 00:00:16]} 53. Bc2 {[%clk 00:04:37]} {[%emt 00:00:03]}
g6 {[%clk 00:00:34]} {[%emt 00:00:50]} 54. Rxe4 {[%clk 00:04:15]} {[%emt
00:00:52]} Qc5+ {[%clk 00:00:47]} {[%emt 00:00:17]} 55. Kh1 {[%clk 00:03:34]}
{[%emt 00:01:11]} Bf6 {[%clk 00:00:33]} {[%emt 00:00:44]} 56. Rd7+ {[%clk
00:03:58]} {[%emt 00:00:05]} Bg7 {[%clk 00:01:00]} {[%emt 00:00:04]} 57. Be5
{[%clk 00:03:37]} {[%emt 00:00:51]} 1-0

[Event "FIDE World Cup 2025"]
[Site "Goa, India"]
[Date "2025.11.02"]
[Round "2.29"]
[White "Salem, A.R. Saleh"]
[Black "Tran, Thanh Tu"]
[Result "1-0"]
[TimeControl ": 90 minutes for the first 40 moves, followed by 30 minutes for the rest of the gamewith an increment of 30 seconds per move starting from move 1"]
[WhiteFideId "9301348"]
[BlackFideId "12401404"]
[WhiteElo "2620"]
[BlackElo "2407"]

1. d4 {[%clk 01:30:58]} Nf6 {[%clk 01:30:22]} {[%emt 00:00:38]} 2. c4 {[%clk
01:31:21]} {[%emt 00:00:08]} g6 {[%clk 01:30:08]} {[%emt 00:00:44]} 3. g3
{[%clk 01:31:33]} {[%emt 00:00:18]} Bg7 {[%clk 01:29:58]} {[%emt 00:00:40]} 4.
Bg2 {[%clk 01:31:55]} {[%emt 00:00:08]} O-O {[%clk 01:28:58]} {[%emt 00:01:31]}
5. Nc3 {[%clk 01:32:14]} {[%emt 00:00:10]} d6 {[%clk 01:28:09]} {[%emt
00:01:19]} 6. Nf3 {[%clk 01:32:36]} {[%emt 00:00:07]} Nc6 {[%clk 01:24:15]}
{[%emt 00:04:25]} 7. d5 {[%clk 01:30:42]} {[%emt 00:02:25]} Na5 {[%clk
01:23:22]} {[%emt 00:01:23]} 8. b3 {[%clk 01:31:04]} {[%emt 00:00:07]} c5
{[%clk 01:19:12]} {[%emt 00:04:40]} 9. Bb2 {[%clk 01:28:36]} {[%emt 00:02:58]}
a6 {[%clk 01:16:44]} {[%emt 00:02:59]} 10. O-O {[%clk 01:28:54]} {[%emt
00:00:10]} Bf5 {[%clk 01:09:02]} {[%emt 00:08:13]} 11. Nd2 {[%clk 01:26:49]}
{[%emt 00:02:35]} Qd7 {[%clk 01:05:38]} {[%emt 00:03:55]} 12. e4 {[%clk
01:21:16]} {[%emt 00:06:02]} Bh3 {[%clk 01:05:21]} {[%emt 00:00:47]} 13. a4
{[%clk 01:18:36]} {[%emt 00:03:10]} h5 {[%clk 00:58:31]} {[%emt 00:07:20]} 14.
Qc2 {[%clk 01:14:46]} {[%emt 00:04:21]} h4 {[%clk 00:55:09]} {[%emt 00:03:52]}
15. Rae1 {[%clk 01:14:14]} {[%emt 00:01:02]} Rab8 {[%clk 00:26:09]} {[%emt
00:29:30]} 16. Ne2 {[%clk 01:07:50]} {[%emt 00:06:53]} Bxg2 {[%clk 00:23:21]}
{[%emt 00:03:19]} 17. Kxg2 {[%clk 01:08:14]} {[%emt 00:00:05]} h3+ {[%clk
00:22:14]} {[%emt 00:01:37]} 18. Kg1 {[%clk 01:06:22]} {[%emt 00:02:22]} b5
{[%clk 00:22:04]} {[%emt 00:00:41]} 19. axb5 {[%clk 00:57:38]} {[%emt
00:09:14]} axb5 {[%clk 00:22:25]} {[%emt 00:00:09]} 20. Bc3 {[%clk 00:57:54]}
{[%emt 00:00:13]} Ra8 {[%clk 00:19:43]} {[%emt 00:03:12]} 21. Nf4 {[%clk
00:57:22]} {[%emt 00:01:02]} b4 {[%clk 00:18:53]} {[%emt 00:01:21]} 22. Bb2
{[%clk 00:54:14]} {[%emt 00:03:37]} Bh6 {[%clk 00:17:30]} {[%emt 00:01:53]} 23.
e5 {[%clk 00:48:59]} {[%emt 00:05:46]} dxe5 {[%clk 00:16:23]} {[%emt 00:01:37]}
24. Bxe5 {[%clk 00:47:31]} {[%emt 00:01:57]} Nb7 {[%clk 00:13:54]} {[%emt
00:03:00]} 25. f3 {[%clk 00:37:00]} {[%emt 00:11:00]} Nd6 {[%clk 00:12:41]}
{[%emt 00:01:43]} 26. g4 {[%clk 00:30:46]} {[%emt 00:06:45]} Ra5 {[%clk
00:07:03]} {[%emt 00:06:08]} 27. Re2 {[%clk 00:18:06]} {[%emt 00:13:09]} Rfa8
{[%clk 00:05:35]} {[%emt 00:01:58]} 28. Nxh3 {[%clk 00:17:05]} {[%emt
00:01:31]} Ra2 {[%clk 00:05:01]} {[%emt 00:01:04]} 29. Qd3 {[%clk 00:13:29]}
{[%emt 00:04:06]} Nxg4 {[%clk 00:04:37]} {[%emt 00:00:55]} 30. Bf4 {[%clk
00:08:29]} {[%emt 00:05:30]} Bxf4 {[%clk 00:04:02]} {[%emt 00:01:05]} 31. Nxf4
{[%clk 00:08:54]} {[%emt 00:00:05]} Nf6 {[%clk 00:04:18]} {[%emt 00:00:14]} 32.
Kh1 {[%clk 00:07:49]} {[%emt 00:01:34]} Nf5 {[%clk 00:02:15]} {[%emt 00:02:33]}
33. Ne4 {[%clk 00:06:14]} {[%emt 00:02:05]} Nxe4 {[%clk 00:01:30]} {[%emt
00:01:16]} 34. fxe4 {[%clk 00:06:42]} {[%emt 00:00:01]} Nd4 {[%clk 00:01:52]}
{[%emt 00:00:08]} 35. Rxa2 {[%clk 00:04:28]} {[%emt 00:02:45]} Rxa2 {[%clk
00:02:20]} {[%emt 00:00:02]} 36. e5 {[%clk 00:03:49]} {[%emt 00:01:09]} Qg4
{[%clk 00:00:35]} {[%emt 00:02:15]} 37. e6 {[%clk 00:04:10]} {[%emt 00:00:08]}
f5 {[%clk 00:00:33]} {[%emt 00:00:33]} 38. d6 {[%clk 00:02:44]} {[%emt
00:01:56]} exd6 {[%clk 00:00:32]} {[%emt 00:00:31]} 39. Qe3 {[%clk 00:03:05]}
{[%emt 00:00:09]} Kf8 {[%clk 00:00:33]} {[%emt 00:00:29]} 40. h3 {[%clk
00:03:13]} {[%emt 00:00:22]} Qg5 {[%clk 00:00:34]} {[%emt 00:00:29]} 41. Rg1
{[%clk 00:27:16]} {[%emt 00:06:26]} Qf6 {[%clk 00:25:53]} {[%emt 00:05:11]} 42.
Nxg6+ {[%clk 00:24:09]} {[%emt 00:03:37]} Ke8 {[%clk 00:26:12]} {[%emt
00:00:12]} 43. Nf4 {[%clk 00:24:18]} {[%emt 00:00:20]} Qh8 {[%clk 00:25:18]}
{[%emt 00:01:24]} 44. Nd5 {[%clk 00:19:04]} {[%emt 00:05:44]} Re2 {[%clk
00:09:26]} {[%emt 00:16:22]} 45. Ra1 {[%clk 00:19:01]} {[%emt 00:00:33]} Nxe6
{[%clk 00:08:33]} {[%emt 00:01:23]} 46. Ra8+ {[%clk 00:19:00]} {[%emt
00:00:31]} Kd7 {[%clk 00:06:24]} {[%emt 00:02:39]} 47. Rxh8 {[%clk 00:19:03]}
{[%emt 00:00:27]} Rxe3 {[%clk 00:06:48]} {[%emt 00:00:06]} 48. Nxe3 {[%clk
00:19:22]} {[%emt 00:00:12]} Nd4 {[%clk 00:07:15]} {[%emt 00:00:03]} 49. h4
{[%clk 00:19:14]} {[%emt 00:00:38]} f4 {[%clk 00:06:47]} {[%emt 00:00:57]} 50.
Nd5 {[%clk 00:19:31]} {[%emt 00:00:14]} f3 {[%clk 00:07:12]} {[%emt 00:00:04]}
51. Rf8 {[%clk 00:19:40]} {[%emt 00:00:20]} Nxb3 {[%clk 00:07:20]} {[%emt
00:00:23]} 52. h5 {[%clk 00:19:56]} {[%emt 00:00:13]} 1-0